• 首页
  • 本馆介绍
  • 公告通知
  • 最新文献
  • 馆藏检索
  • 电子资源
  • 读者导购
  • 参考咨询
  • 我的图书馆
  • 登录
  • 详细信息显示
  • 放入我的书架
  • 预约/预借图书
  • 作者相关作品
  • 分类相关作品
  • 丛书相关作品
  • 出版社相关作品

书目信息

  • 表格格式
  • 工作单格式
  • 卡片格式
题名:
19世纪的生物学和人学
    
 
作者: 科尔曼 著 ;严晴燕 译
分册:  
出版信息: 上海   复旦大学出版社  2000
页数: 212页
开本: 21cm
丛书名: 剑桥科学史丛书
单 册:
中图分类: Q-091
科图分类:
主题词: 生物学--理论 , 生物学史--方法
电子资源:
ISBN: 7-309-02334-X
000 00795nam0 2200253 45
001 0303311599
005 20031219104108.3
010    @a7-309-02334-X@dCNY18.50
100    @a20030331d2000 km y0chiy0120 ea
101 0  @achi@ceng
105    @aa z 000yy
200 1  @a19世纪的生物学和人学@A19 Shi Ji De Sheng Wu Xue He Ren Xue@f(美)威廉·科尔曼著@F(Mei)Wei Lian·Ke Er Man Zhu@g严晴燕译
210    @a上海@c复旦大学出版社@d2000
215    @a212页@c插图@d21cm
225    @a剑桥科学史丛书
304    @a书名原文:Biology in the Nineteenth Century
410    @12001 @a剑桥科学史丛书
606 0  @a生物学@x理论
606 0  @a生物学史@x方法
690    @aQ-091@v4
701  0 @a科尔曼@4著
702  0 @a严晴燕@AYan Qing Yan@4译
801    @aCN@bTSTC@c20030331
905    @b321786-788@dQ-091@e38@f3
    
    19世纪的生物学和人学/(美)威廉·科尔曼著/严晴燕译.-上海:复旦大学出版社,2000
    212页:插图;21cm.-(剑桥科学史丛书)
    
    
    ISBN 7-309-02334-X:CNY18.50
    
●
相关链接 在E读中查询图书 在五车中查询图书 在当当中查询图书 在豆瓣中查询图书


正题名:19世纪的生物学和人学     索取号:Q-091/38         预约/预借

序号 登录号 条形码 馆藏地/架位号 状态 备注
1 0321786   203217866   第三借阅区/ [索取号:Q-091/38] 在馆    
2 0321787   203217875   第三借阅区/ [索取号:Q-091/38] 在馆    
3 0321788   203217884   第二样本阅览室/ [索取号:Q-091/38] 在馆    
唐山师范学院图书馆 欢迎您!
大连网信软件有限公司© 版权所有